| 000 | 01386nam a22002892i 4500 | ||
|---|---|---|---|
| 003 | SA_RiAUC | ||
| 005 | 20251103114549.0 | ||
| 008 | 251101s1955____su g 000 0 ara c | ||
| 040 |
_aSA-JeALM _bara _cSA-RiAUC _erda |
||
| 043 | _aa-su--- | ||
| 082 | 0 | 4 | _a354.09531 |
| 090 |
_a354.09531 _bس ع و |
||
| 110 | 1 |
_aالسعودية. _bالمجلس الاقتصادي الأعلى. _bالأمانة العامة _eمؤلف. |
|
| 245 | 1 | 0 |
_aنظام المجلس الاقتصادي الأعلى المصدق عليه من لدن حضرة صاحب السمو الملكي ولي العهد المعظم / _cالأمانة العامة بالمجلس الاقتصادي الأعلى. |
| 264 | 3 |
_aمكة المكرمة : _bمطبعة الحكومة _c1962 |
|
| 300 |
_a6 صفحة ؛ _c24 سم |
||
| 336 |
_aنص _btxt _2rdacontent _3كتاب |
||
| 337 |
_aبدون وسيط _bn _2rdamedia |
||
| 338 |
_aمجلد _bnc _2rdacarrier |
||
| 650 | 7 |
_aالموارد الاقتصادية _zالسعودية _2aucsh |
|
| 650 | 7 |
_aالإدارة الصناعية _zالسعودية _2aucsh |
|
| 651 | 7 |
_aالسعودية _xسياسة اقتصادية _2aucsh |
|
| 651 | 7 |
_aالسعودية _xأحوال اقتصادية _2aucsh |
|
| 651 | 7 |
_aالسعودية _xسياسة اقتصادية _xقوانين وتشريعات _2aucsh |
|
| 942 |
_2ddc _cBOOK _n0 |
||
| 949 |
_aSA-JeALM _d251101 _umohamedma123 _n1 |
||
| 999 |
_c12959 _d12959 |
||